000 00566nam a2200181Ia 4500
005 20250521150822.0
008 241212s9999 xx 000 0 und d
020 _a9780367144067
_qpbk
041 _aeng
082 _a150.151
_bBAN
100 _aBandura, Albert
245 0 _aPsychoanalysis In Medicine : Applying Psychoanalytic Thought to Contemporary Medical Care
_cSteinberg, Paul Ian
250 _aFirst edition
260 _bRoutledge,
_c2021
300 _a240 pages
_c22cm.
650 _a Medicine and psychology ; Primary health care
942 _cENGLISH
999 _c566246
_d566246